000 00652nam a2200241 i 4500
001 C2-0298340
003 PPAK
005 20180728080427.0
008 090602s2003 cc |||| ||||| | chi d
020 _a9864171070
040 _aPPAK
_beng
_cPPAK
_erda
082 0 4 _a158.2
_223
090 0 0 _a158.2
_bHEI
_dG
100 1 _aHei, You Long,
_eauthor
245 1 0 _aYing zai ying xiang li
264 1 _aTaipei, Taiwan :
_bTian xia yuan jian chu ban ,
_c2003
300 _a219 pages ;
_c21 cm
336 _2rdacontent
_atext
337 _2rdamedia
_aunmediated
338 _2rdacarrier
_avolume
650 1 0 _aInterpersonal reletions
942 _ddc
_cB
999 _c102646
_d102646